[Event "Tver Region-ch Rapid"]
[Site "Kimry"]
[Date "2013.12.04"]
[Round "1.4"]
[White "Dementieva, Julia"]
[Black "Fedorova, Anastasia"]
[Result "1-0"]
[WhiteElo "1724"]
[BlackElo "1615"]
[PlyCount "83"]
[EventDate "2013.12.04"]
[EventType "swiss (rapid)"]
[EventRounds "7"]
[EventCountry "RUS"]
[SourceTitle "EXT 2022"]
[Source "ChessBase"]
[SourceDate "2021.10.06"]
[SourceVersion "1"]
[SourceVersionDate "2021.10.06"]
[SourceQuality "1"]

1. c4 e5 2. Nc3 Nc6 3. g3 Nf6 4. Bg2 Be7 5. d3 0-0 6. Nf3 d5 7. cxd5 Nxd5 8. 0-0 Nb6 9. Be3 Be6 10. d4 Nc4 11. d5 Nxe3 12. fxe3 e4 13. Ne1 Bg4 14. dxc6 Qxd1 15. Rxd1 bxc6 16. Bxe4 Bc5 17. Nc2 Rab8 18. Rf4 f5 19. Bxc6 Rxb2 20. Bd5+ Kh8 21. Bb3 g5 22. Ra4 f4 23. Ra5 Bxe3+ 24. Nxe3 fxe3 25. Rf1 Rxf1+ 26. Kxf1 h6 27. Re5 Bh3+ 28. Ke1 Rd2 29. Rxe3 Rd6 30. Re8+ Kg7 31. Re7+ Kf6 32. Rxc7 Ke5 33. Re7+ Be6 34. Bxe6 Rxe6 35. Rxe6+ Kxe6 36. Kf2 g4 37. Ke3 Ke5 38. Kd3 h5 39. e4 a6 40. Nd5 a5 41. a3 a4 42. Nc3 1-0

[Event "Kostroma Volga Cup op"]
[Site "Kostroma"]
[Date "2010.07.??"]
[Round "3"]
[White "Fedorova, Anastasia"]
[Black "Smirnova, Tatiana"]
[Result "1/2-1/2"]
[WhiteElo "1629"]
[BlackElo "1740"]
[PlyCount "137"]
[EventDate "2010.07.??"]
[EventType "swiss"]
[EventRounds "9"]
[EventCountry "RUS"]
[SourceTitle "EXT 2011"]
[Source "ChessBase"]
[SourceDate "2010.11.26"]
[SourceVersion "1"]
[SourceVersionDate "2010.11.26"]
[SourceQuality "1"]

1. e4 e5 2. Nf3 Nc6 3. Bb5 d6 4. c3 Bg4 5. d3 Qf6 6. Nbd2 Nge7 7. h3 Bh5 8. Ba4 Qe6 9. Qe2 h6 10. Bb3 Qd7 11. Nf1 g5 12. Ng3 Bg6 13. Nd2 Bg7 14. Nh5 Rg8 15. Nxg7+ Rxg7 16. h4 0-0-0 17. h5 Bh7 18. Qf3 f5 19. Bc2 Kb8 20. b4 Rf8 21. Qe2 Rgf7 22. Rf1 f4 23. f3 Ng8 24. a4 Nf6 25. Rh1 Bg8 26. Nb3 Rh7 27. b5 Nd8 28. d4 Qe7 29. d5 Qd7 30. a5 g4 31. c4 Bf7 32. c5 Bxh5 33. c6 Qc8 34. b6 cxb6 35. axb6 axb6 36. Qb5 Kc7 37. Nd2 Qb8 38. Nc4 bxc6 39. dxc6 Nxc6 40. Ba4 Qb7 41. Ba3 Rd8 42. Rc1 Be8 43. Nxe5 dxe5 44. Qxe5+ Kc8 45. Qxf6 b5 46. Bb3 gxf3 47. gxf3 b4 48. Bb2 Rc7 49. Be6+ Bd7 50. Bxd7+ Rdxd7 51. Qxf4 b3 52. Rxh6 Nb4 53. Rxc7+ Qxc7 54. Qf8+ Qd8 55. Qc5+ Qc7 56. Rh8+ Rd8 57. Rxd8+ Kxd8 58. Qg5+ Kc8 59. Qg8+ Kd7 60. Qf7+ Kc8 61. Qxc7+ Kxc7 62. Kd2 Nc2 63. Kc3 Ne1 64. f4 Kd7 65. Kxb3 Nd3 66. f5 Nc5+ 67. Kc4 Nxe4 68. Kd5 Ng5 69. Ke5 1/2-1/2

[Event "RUS-chT Regions"]
[Site "Tula"]
[Date "2009.11.??"]
[Round "6"]
[White "Kulikova, Alena"]
[Black "Fedorova, Anastasia"]
[Result "1-0"]
[WhiteElo "1819"]
[BlackElo "1648"]
[PlyCount "87"]
[EventDate "2009.11.??"]
[EventType "team-tourn"]
[EventRounds "9"]
[EventCountry "RUS"]
[SourceTitle "EXT 2011"]
[Source "ChessBase"]
[SourceDate "2010.11.26"]
[SourceVersion "1"]
[SourceVersionDate "2010.11.26"]
[SourceQuality "1"]

1. d4 Nf6 2. Bg5 e6 3. e4 Be7 4. e5 Nd5 5. Bxe7 Qxe7 6. c3 0-0 7. Nf3 d6 8. exd6 cxd6 9. Bc4 Nf6 10. 0-0 d5 11. Bd3 Nc6 12. Nbd2 Qc7 13. Re1 Re8 14. Ne5 Nxe5 15. dxe5 Nd7 16. Nf3 h6 17. Bc2 Nc5 18. Qd4 Bd7 19. b4 Na4 20. Re3 Nb2 21. Nd2 Nc4 22. Nxc4 Qxc4 23. Qxc4 dxc4 24. Re4 b5 25. Rd1 Bc6 26. Red4 Bd5 27. a4 a6 28. a5 Kf8 29. Kf1 Rec8 30. f3 Ke8 31. Ke2 Ke7 32. Ke3 f5 33. Bxf5 exf5 34. Rxd5 Ke6 35. Rd6+ Kf7 36. Kf4 g6 37. Rf6+ Ke7 38. Rxg6 Rd8 39. Rdd6 Kf7 40. Rxh6 Rg8 41. g3 Ke7 42. Rxa6 Rxa6 43. Rxa6 Rd8 44. Rd6 1-0